000 00645nam a2200217Ia 4500
003 OSt
005 20220918191913.0
006 a|||||r|||| 00| 0
007 ta
008 220917b |||||||| |||| 00| 0 eng d
024 _a65,789
037 _cTextual
040 _aARTS
_cARTS
_beng
041 _2eng
_aeng
082 _aR3v5:N5, J2
100 _aBaumer Franklin Le Van
_977612
245 0 _aMain currenst on Western thought
_b readings in Western European intellectual history from the Middle ages to the present
260 _c1952
942 _hR3v5:N5, J2
_cTEXL
_2CC
999 _c192026
_d192026